000 01226nam a2200313 i 4500
003 EG-GICUC
005 20260121101721.0
008 260113s1989 ua ||||f |||| 00| 0 ara d
017 _a1989/3290
040 _a EG-GICUC
_bara
_c EG-GICUC
_d EG-GICUC
_erda
041 _aara
082 0 4 _a343.421
_bم ح . ج
_221
092 0 4 _221
099 _aLaw1 10 343.421 م ح . ج 1989 1006419
100 0 _aمحمد رفيق البسطويسي.
_eمؤلف.
245 1 0 _aجرائم المخدرات في التشريع المصري والأحكام المتصلة بها /
_cالمستشار محمد رفيق البسطويسي.
264 1 _aالقاهرة :
_bالمركز القومي للدراسات القضائية،
_c1989 .
300 _a139صفحة ؛
_c24 سم
336 _2rda content
_atext
337 _2rda media
_aComputer
338 _2rda carrier
_aOnline Resource
490 1 _aسلسلة دراسات قضائية؛
_v7
504 _aيشتمل على إرجاعات ببليوجرافية
650 1 _aالتشريعات المتعلقة بالمخدرات.
_2qrmak
651 1 _2qrmak
856 4 0 _uhttps://fll.law.cu.edu.eg/fulltext/bks/B10-06419.pdf
905 _a18
942 _2ddc
_cBK
_e21
_n0
999 _c56678
_d56678